| 000 | 00552nam a2200181 i 4500 | ||
|---|---|---|---|
| 001 | 36141 | ||
| 003 | ES-MaACL | ||
| 005 | 20260504130822.0 | ||
| 007 | t| | ||
| 008 | 030217s1920 fr ||||1| fre d | ||
| 100 |
_aBreton, André, _d1896-1966 _9239133 |
||
| 245 | 1 | 4 |
_aLes champs magnétiques / _cpar André Breton et Philippe Soupault. |
| 260 |
_aParis : _b[René Tancréde], _c1920. |
||
| 300 |
_a111 p. : _b2 retr. ; _c20 cm. |
||
| 700 | 1 |
_aSoupault, Philippe. _9107567 |
|
| 852 |
_aES-MaACL _jB-6014 |
||
| 999 |
_c36141 _d36141 |
||